[Event "Tamil Nadu IM 10th"]
[Site "Chennai"]
[Date "2023.12.19"]
[Round "4"]
[White "Ziatdinov, Raset"]
[Black "Gochelashvili, David"]
[Result "0-1"]
[WhiteElo "2106"]
[BlackElo "2291"]
[PlyCount "60"]
[EventDate "2023.12.17"]
[EventType "tourn"]
[EventRounds "9"]
[EventCountry "IND"]
[EventCategory "1"]
[SourceTitle "CB52_2023"]
[SourceDate "2023.12.27"]
[SourceVersion "1"]
[SourceVersionDate "2023.12.27"]
[SourceQuality "1"]

1. e4 e5 2. Nf3 Nc6 3. Bb5 a6 4. Ba4 d6 5. Bxc6+ bxc6 6. d4 exd4 7. Nxd4 c5 8. Nc6 Qh4 9. Nc3 Ne7 10. Nxe7 Bxe7 11. 0-0 0-0 12. Nd5 Bd8 13. Bf4 g5 14. g3 Qh6 15. Bd2 f5 16. exf5 Bxf5 17. Bc3 c6 18. Ne3 Bh3 19. Re1 Ra7 20. b4 Raf7 21. bxc5 Rxf2 22. Qd4 Bf6 23. Qxd6 Bc8 24. h4 gxh4 25. g4 Qg5 26. Bxf6 R2xf6 27. Qh2 h5 28. Ng2 Rf2 29. Kh1 Qxg4 30. Rg1 R8f3 0-1

[Event "Tamil Nadu IM 10th"]
[Site "Chennai"]
[Date "2023.12.17"]
[Round "2"]
[White "Gochelashvili, David"]
[Black "Rosh, Jain"]
[Result "1-0"]
[WhiteElo "2291"]
[BlackElo "2236"]
[PlyCount "69"]
[EventDate "2023.12.17"]
[EventType "tourn"]
[EventRounds "9"]
[EventCountry "IND"]
[EventCategory "1"]
[SourceTitle "CB52_2023"]
[SourceDate "2023.12.27"]
[SourceVersion "1"]
[SourceVersionDate "2023.12.27"]
[SourceQuality "1"]

1. e4 e5 2. Nf3 Nc6 3. Bc4 Nf6 4. d3 Bc5 5. c3 0-0 6. Bg5 h6 7. Bh4 d6 8. Nbd2 Qe7 9. b4 Bb6 10. Bb3 a6 11. Nc4 Be6 12. 0-0 Ba7 13. a4 Kh7 14. Re1 g5 15. Bg3 Qd7 16. b5 axb5 17. axb5 Ne7 18. d4 Qxb5 19. Ra5 Qd7 20. dxe5 dxe5 21. Qa1 Bxc4 22. Nxe5 Qc8 23. Bxc4 Bb6 24. Ra2 Ng6 25. Nxf7 Rxa2 26. Qxa2 Qe8 27. e5 Nh5 28. Kf1 Nhf4 29. Bxf4 Nxf4 30. g3 Nh3 31. e6 Bxf2 32. e7 Rg8 33. Re6 Qd7 34. Qc2+ Kg7 35. Qg6# 1-0

[Event "Tamil Nadu IM 9th"]
[Site "Chennai"]
[Date "2023.12.12"]
[Round "5"]
[White "Fedorov, Alexei"]
[Black "Gochelashvili, David"]
[Result "1/2-1/2"]
[WhiteElo "2454"]
[BlackElo "2291"]
[PlyCount "66"]
[EventDate "2023.12.10"]
[EventType "tourn"]
[EventRounds "9"]
[EventCountry "IND"]
[EventCategory "2"]
[SourceTitle "CB51_2023"]
[SourceDate "2023.12.20"]
[SourceVersion "1"]
[SourceVersionDate "2023.12.20"]
[SourceQuality "1"]

1. e4 e5 2. Nf3 Nc6 3. Bc4 Nf6 4. d3 h6 5. c3 d6 6. 0-0 g6 7. d4 Qe7 8. Re1 Bg7 9. h3 0-0 10. Nbd2 b6 11. Nf1 Bb7 12. Ng3 Rfe8 13. a4 exd4 14. cxd4 Nb4 15. d5 c5 16. Bf4 Nd7 17. Qd2 Qf8 18. Bb5 Rad8 19. a5 bxa5 20. Rxa5 a6 21. Ba4 Kh7 22. h4 Qe7 23. h5 Qf6 24. Re2 Nb6 25. Bxe8 Rxe8 26. hxg6+ fxg6 27. b3 Nd7 28. Be3 Bc8 29. Re1 Qd8 30. Ra3 Nf6 31. Raa1 a5 32. Bf4 Ng4 33. Nf1 Ba6 1/2-1/2

[Event "Tamil Nadu IM 9th"]
[Site "Chennai"]
[Date "2023.12.10"]
[Round "2"]
[White "Gochelashvili, David"]
[Black "Balasubramaniam, H."]
[Result "1/2-1/2"]
[WhiteElo "2291"]
[BlackElo "2213"]
[PlyCount "60"]
[EventDate "2023.12.10"]
[EventType "tourn"]
[EventRounds "9"]
[EventCountry "IND"]
[EventCategory "2"]
[SourceTitle "CB51_2023"]
[SourceDate "2023.12.20"]
[SourceVersion "1"]
[SourceVersionDate "2023.12.20"]
[SourceQuality "1"]

1. e4 e5 2. Nf3 Nc6 3. Bc4 Nf6 4. d3 h6 5. 0-0 d6 6. c3 g6 7. Re1 Bg7 8. Nbd2 0-0 9. Nf1 a6 10. a4 d5 11. exd5 Nxd5 12. a5 Be6 13. Qb3 Rb8 14. Ne3 Nf4 15. Bxe6 Nxe6 16. Ng4 Nf4 17. Bxf4 exf4 18. d4 g5 19. h4 Qc8 20. Nge5 g4 21. Nd2 Nxe5 22. dxe5 Qd8 23. e6 Qxh4 24. exf7+ Rxf7 25. Ra4 Qg5 26. Rae4 c6 27. Re7 Qd5 28. Rxf7 Qxf7 29. Qb4 Bf8 30. Qd4 h5 1/2-1/2